Поэмы

Bibliographic Details
Main Author: Берггольц О. Ф. Ольга Федоровна
Other Authors: Хренков Д. (автор предисловия)
Language:Russian
Published: Ленинград, Лениздат, 1974
Subjects:
Format: Book
KOHA link:https://koha.lib.tpu.ru/cgi-bin/koha/opac-detail.pl?biblionumber=121581

MARC

LEADER 00000nam0a2200000 4500
001 121581
005 20231101215704.0
035 |a (RuTPU)RU\TPU\book\131668 
090 |a 121581 
100 |a 20070917d1974 m y0rusy50 ca 
101 0 |a rus 
102 |a RU 
105 |a a z 000gy 
200 1 |a Поэмы  |f О. Ф. Берггольц  |g авт. предисл. Д. Хренков 
210 |a Ленинград  |c Лениздат  |d 1974 
215 |a 220 с.  |c ил. 
610 1 |a советская литература 
610 1 |a поэзия 
675 |a Р2  |v 3 
700 1 |a Берггольц  |b О. Ф.  |c русская писательница  |f 1910-1975  |g Ольга Федоровна  |2 stltpush  |3 (RuTPU)RU\TPU\pers\7206  |9 1351 
702 1 |a Хренков  |b Д.  |4 080 
801 1 |a RU  |b 63413507  |c 20070917  |g PSBO 
942 |c BK